=LDR 00000nam 2200000 4500 =001 INLIS000000000028956 =005 20130612131227 =008 ***********************************Ind** =035 ##$$0010-061300000028956 =041 ##$$a Ind =082 ##$$a 510 =090 ##$$a 510, Sur j =100 ##$$a Suryani, Martina Dwi =245 ##$$a Jago matematika SMP, Martina Dwi Suryani =260 ##$$a 2006 $b Jakarta =300 ##$$a 156 hlm, 21 cm =650 ##$$a Matematika =850 ##$$a NBPNMAT